3 indices 1 club de foot # 1 - Statistiques

Statistiques générales
  • Ce quiz a été pris 348 fois
  • Le résultat moyen est 8 sur 12
Statistiques - réponses
Indices Réponses % Correct
Blanc/Espagne/14 C1 Real Madrid
100%
Blaugrana/Catalogne/La Masia FC Barcelone
92%
Verts/Ligue 1/Geoffroy-Guichard AS Saint-Étienne
91%
Nerazzurri/Derby della Madonnina/Italie Inter Milan
89%
Foxes/Premier League/2016 Leicester City
85%
Roten Bullen/Allemagne/Boisson énergissante RB Leipzig
81%
Basque/San Mamés/Rouge et Blanc Athletic Bilbao
69%
Jaune et Noir/Suisse/Berne Young boys berne
69%
Andalou/Ramon Sanchez-Pizjuan/Espagne Sevilla FC
68%
Aigles/Süper Lig/Vodafone Park Beşiktaş
41%
Leão/Primeira Liga/Alvalade Sporting CP
41%
Blauw-Zwart/Jupiler Pro League/Belgique Club Brugge
23%
Aucun quiz correspondant
Distribution des résultats
% des personnes avec chaque résultat
Percentile par nombre de réponses
Votre historique - résultats
Vous n’avez pas pris ce quiz